000 01164nam a2200301 i 4500
003 CO-BoRNBP
005 20240822172617.0
007 ta
008 240822s2007 ck a|||| |||| 00| 0 spa d
020 _a9789588321325
040 _aCO-BoRNBP
_bspa
_cCO-BoRNBP
_erda
041 _aspa
082 _2923.9 P64u
100 _aPolo, Marco
_d1254 - 1323
_942198
245 1 3 _aEl libro de Marco Polo
_bsobre las cosas maravillosas de oriente
_cSecretaría Distrital de Cultura, Recreación y Deporte; Secretaría de Educación del Distrito;ilustrado Olga Cuellar
250 _aPrimera edición
264 1 _aBogota, Colombia
_bAlcaldía Mayor de Bogotá: Instituto Distrital de Cultura y Turismo
_c2007
264 4 _bDerechos reservados Alcaldía Mayor de Bogotá; Instituto Distrital de las Artes–Idartes
300 _a111 páginas
_bilustraciones en blanco y negro
_c16cm
336 _2rdacontent
_atexto
_btxt
337 _2rdamedia
_asin mediación
_bn
338 _2rdacarrier
_avolumen
_bnc
490 _aLibro al viento
650 1 7 _2LEMB
_aMarco Polo
_942199
650 1 7 _2LEMB
_aviajes
_942200
650 1 7 _2LEMB
_aItinerarios
_942201
942 _2ddc
_cBKINF
999 _c38317
_d38317